Normal view
MARC view
- الناسخ والمنسوخ - القران الكريم
Entry Topical Term
001 - CONTROL NUMBER
- control field: 35315
003 - CONTROL NUMBER IDENTIFIER
- control field: JO-AjAnu
005 - DATE AND TIME OF LATEST TRANSACTION
- control field: 20230606075916.0
008 - FIXED-LENGTH DATA ELEMENTS
- fixed length control field: 230606|| aca||aabn | a|a d
040 ## - CATALOGING SOURCE
- Original cataloging agency: JO-AjAnu
- Transcribing agency: JO-AjAnu
150 ## - HEADING--TOPICAL TERM
- Topical term or geographic name entry element: الناسخ والمنسوخ - القران الكريم
670 ## - SOURCE DATA FOUND
- Source citation: Work cat.: (JO-AjAnu)18135: تاليف الشيخ، عز الدين حسين, author 35314, مختصر الناسخ والمنسوخ في حديث رسول الله صلى الله عليه وسلم